المسرح والتقنيات الحديثة : (Record no. 15794)
[ view plain ]
| 000 -الفاتح | |
|---|---|
| حقل البيانات ثابتة الطول | 01807nam a2200397 i 4500 |
| 003 - محدد رقم الضبط | |
| رقم الضبط | EG-ScBUE |
| 005 - وقت وتاريخ اخر تعامل مع التسجيلة | |
| رقم الضبط | 20230403092901.0 |
| 008 - عناصر البيانات ثابتة الطول - معلومات عامة | |
| حقل البيانات ثابتة الطول | 110808s2007 ua o f b 000 0 ara d |
| 017 ## - رقم الإيداع القانونى | |
| رقم الإيداع القانونى | 2007 / 23927 |
| 020 ## - الرقم الدولى المعيارى للكتب | |
| الرقم الدولى المعيارى للكتاب | 9774375270 |
| 040 ## - مصدر الفهرسة | |
| وكالة الفهرسة الأصلية | EG-ScBUE |
| لغة الفهرسة | ara |
| قواعد الوصف | rda |
| وكالة النسخ | EG-ScBUE |
| وكالة التعديل | EG-ScBUE |
| 041 1# - رمز اللغة | |
| رمز لغة النص/ المسارات الصوتية أو العنوان الانفرادي | ara |
| رمز لغة الترجمات و/او الاصلية المتوسطة للنص | fre |
| 082 04 - رقم تصنيف ديوى العشرى | |
| رقم الطبعة | 22 |
| رقم التصنيف | 792.02 |
| رقم المادة | م س ر |
| 240 10 - العنوان الموحد | |
| عنوان موحد | The@tre et nouvelles technologies : sous la direction de lucille. |
| لغة العمل | Arabic |
| 245 02 - بيان العنوان | |
| العنوان | المسرح والتقنيات الحديثة : |
| بقية العنوان | مجموعة دراسات / |
| بيان المسئوليه,etc | تحت إشراف لوسيل جاربانياتى ، بييرمورللى ؛ ترجمة أ. د. نادية كامل ؛ مراجعة أ. د. منى صفوت. |
| 264 #1 - النشر، التوزيع | |
| مكان الناشر او الموزع | القاهرة : |
| اسم الناشر او الموزع | وزارة الثقافة |
| تاريخ النشر أو التوزيع | [2007] |
| 300 ## - الوصف المادى | |
| التعداد | 386 صفحة : |
| تفاصيل ماديه اخرى للوعاء | صور ؛ |
| أبعاد الوعاء | 24 سم. |
| 336 ## - نوع المحتوى | |
| source | rdacontent |
| Carrier Type Term | نص |
| Content Type Code | txt |
| 337 ## - نوع الوسيط | |
| source | rdamedia |
| Media Type Term | بدون وسيط |
| Media Type Code | n |
| 338 ## - نوع الحامل أو الناقل | |
| source | rdacarrier |
| Carrier Type Term | مجلد |
| Carrier Type Code | nc |
| 490 0# - بيان السلسلة | |
| عنوان السلسلة | مهرجان القاهرة الدولى للمسرح التجريبي ؛ |
| رقم المجلد/ التعيين التسلسلي | 19 |
| 504 ## - تبصرة ببليوجرافية | |
| تبصرة ببليوجرافية,الخ | يشتمل على إرجاعات ببليوجرافية. |
| 546 ## - تبصرة اللغة | |
| تبصرة اللغة | النص باللغة العربية وتم ترجمته من اللغة الفرنسية. |
| 650 #7 - المدخل الاضافى بالموضوع-مصطلح موضوعى | |
| 9 (RLIN) | 16379 |
| مصطلح موضوعي أو اسم جغرافي كعنصر مدخل | المسرح التجريبي. |
| مصدر الرأس أو المصطلح | BUEsh |
| 650 #7 - المدخل الاضافى بالموضوع-مصطلح موضوعى | |
| 9 (RLIN) | 15271 |
| مصطلح موضوعي أو اسم جغرافي كعنصر مدخل | التكنولوجيا. |
| مصدر الرأس أو المصطلح | BUEsh |
| 650 #7 - المدخل الاضافى بالموضوع-مصطلح موضوعى | |
| 9 (RLIN) | 26603 |
| مصطلح موضوعي أو اسم جغرافي كعنصر مدخل | المسرح |
| التقسيم الفرعي العام | تجهيز. |
| مصدر الرأس أو المصطلح | BUEsh |
| 650 #7 - المدخل الاضافى بالموضوع-مصطلح موضوعى | |
| 9 (RLIN) | 26604 |
| مصطلح موضوعي أو اسم جغرافي كعنصر مدخل | المسرح |
| التقسيم الفرعي العام | الطرق الفنية. |
| مصدر الرأس أو المصطلح | BUEsh |
| 650 #7 - المدخل الاضافى بالموضوع-مصطلح موضوعى | |
| 9 (RLIN) | 26605 |
| مصطلح موضوعي أو اسم جغرافي كعنصر مدخل | المسرح |
| التقسيم الفرعي العام | إعداد. |
| مصدر الرأس أو المصطلح | BUEsh |
| 653 ## - مصطلح تكشيفى غير مقيد | |
| Resource For college | Arts and Design |
| 655 ## - مصطلح تكشيفى-نوع/شكل | |
| التقسيم الفرعي الشكلي | Reading book |
| 700 1# - المدخل الاضافى - اسم شخصى | |
| 9 (RLIN) | 26606 |
| الإسم الشخصى | جاربانياتي، لوسيل، |
| الدور | مشرف. |
| 700 1# - المدخل الاضافى - اسم شخصى | |
| 9 (RLIN) | 26607 |
| الإسم الشخصى | مورللي، بيير، |
| الدور | مشرف. |
| 700 1# - المدخل الاضافى - اسم شخصى | |
| 9 (RLIN) | 26608 |
| الإسم الشخصى | كامل، نادية |
| الدور | مترجم. |
| 700 1# - المدخل الاضافى - اسم شخصى | |
| 9 (RLIN) | 26609 |
| الإسم الشخصى | صفوت، منى، |
| الدور | مراجع. |
| 942 ## - عناصر المدخل الإضافي( كوها) | |
| مصدر التصنيف او مخطط الترفيف | Dewey Decimal Classification |
| Koha [default] item type | Book - Borrowing |
| حالة التراجع | حالة الفقد | مصدر التصنيف او خطة الترفيف | حالة تلف | ليس للاعارة | مجموعات كوها | المكان الدائم | المكان الحالي | موقع الترفيف | تاريخ الاكتساب | Source of acquisition | رقم الاستدعاء | الباركود | Date last seen | نوع الوعاء |
|---|---|---|---|---|---|---|---|---|---|---|---|---|---|---|
| Dewey Decimal Classification | Alef-Baa | Central Library | Central Library | Second Floor | 09/08/2011 | 792.02 م س ر | 000025130 | 15/07/2025 | Book - Borrowing |